000 nam a22 7a 4500
999 _c7362
_d7362
008 170818b xxu||||| |||| 00| 0 eng d
020 _a9789381813768
100 _aMalhotra Ankita
_93745
245 _aFoundation of information technology
_bessential reference in easy steps
260 _aNew Delhi
_bTrend setters publication
_c2014